Paříž po osvobození 1944-1949 /

Hlavní autor: Beevor, Antony, 1946-
Další autoři: Cooper, Artemis, 1953-, Vereš, Pavel
Jazyk: Čeština
Vydáno: Praha : Plzeň : Beta ;Jiří Ševčík, 2007
Vydání: Vyd. 1.
Témata:
Fyzický popis: 348 s., [16] s. obr. příl. : il., portréty ; 24 cm
Knihy
Uloženo v:
LEADER 02608nam a2200649 a 4500
001 nkc20071752923
003 CZ PrNK
005 20210913101846.0
007 ta
008 070924s2007 xr acf f 001 0 cze
015 |a cnb001752923 
020 |a 978-80-7306-306-1  |q (Pavel Dobrovský - Beta ;  |q váz.)  |z 80-7306-306-1 
020 |a 978-80-7291-172-1  |q (Ševčík ;  |q váz.) 
035 |a (OCoLC)190753245 
040 |a OLA001  |b cze  |d ABA001 
041 1 |a cze  |h eng 
043 |a e-fr--- 
045 |a x4x4 
072 7 |a 94(44/449.49)  |x Dějiny Francie a Monaka  |2 Konspekt  |9 8 
080 |a 94(100)"1939/1945"  |2 MRF 
080 |a 328/329  |2 MRF 
080 |a 316.72/.75  |2 MRF 
080 |a 323  |2 MRF 
080 |a 94(44)  |2 MRF 
080 |a (048.8)  |2 MRF 
100 1 |a Beevor, Antony,  |d 1946-  |7 jn20020716713  |4 aut 
245 1 0 |a Paříž po osvobození 1944-1949 /  |c Antony Beevor a Artemis Cooperová ; [z anglického originálu ... přeložil Pavek (i.e. Pavel) Vereš] 
246 3 0 |a Paříž po osvobození 
246 1 8 |a Paříž 1944-1949 
250 |a Vyd. 1. 
260 |a Praha :  |b Beta ;  |a Plzeň :  |b Jiří Ševčík,  |c 2007 
300 |a 348 s., [16] s. obr. příl. :  |b il., portréty ;  |c 24 cm 
504 |a Obsahuje bibliografii a rejstřík 
648 4 |a 1944-1949 
650 0 7 |a druhá světová válka (1939-1945)  |7 ph117270  |z Francie  |2 czenas 
650 0 7 |a kultura a společnost  |7 ph122010  |z Francie  |y 1944-1949  |2 czenas 
650 0 9 |a World War (1939-1945)  |z France  |2 eczenas 
650 0 9 |a culture and society  |z France  |y 1944-1949  |2 eczenas 
651 7 |a Francie  |7 ge129152  |x politika a vláda  |y 1944-1949  |2 czenas 
651 7 |a Paříž (Francie)  |7 ge130380  |x společnost a politika  |y 1944-1949  |2 czenas 
651 7 |a Paříž (Francie)  |7 ge130380  |x dějiny  |y 1944-1949  |2 czenas 
651 9 |a France  |x politics and government  |y 1944-1949  |2 eczenas 
651 9 |a Paris (France)  |x society and politics  |y 1944-1949  |2 eczenas 
651 9 |a Paris (France)  |x history  |y 1944-1949  |2 eczenas 
655 7 |a monografie  |7 fd132842  |2 czenas 
655 9 |a monographs  |2 eczenas 
700 1 |a Cooper, Artemis,  |d 1953-  |7 xx0067164  |4 aut 
700 1 |a Vereš, Pavel  |7 jn20001227742  |4 trl 
765 0 |t Paris, after the liberation, 1944-1949  |9 Česky 
910 2 |a BOA001  |b 2-1193.845 
928 9 |a Beta-Dobrovský 
928 9 |a Ševčík 
990 |a BK 
995 |a 01 
991 |b 200711  |c NOV 
996 6 |b 2610323860  |c 2-1193.845  |l MZK  |r Sklad / do 1 hodiny  |n 0  |p p.v.  |w 000871264  |u 000010  |a 1  |e BOA001  |j MZK50  |s P 
996 7 |b 2610324145  |c 2-1193.845  |l MZK  |r Sklad / do 1 hodiny  |n 10  |p kup  |w 000871264  |u 000020  |a 1  |e BOA001  |j MZK50  |s A